• 首页
  • 本馆介绍
  • 公告通知
  • 最新文献
  • 馆藏检索
  • 电子资源
  • 读者导购
  • 参考咨询
  • 我的图书馆
  • 登录
  • 详细信息显示
  • 放入我的书架
  • 预约/预借图书
  • 作者相关作品
  • 分类相关作品
  • 丛书相关作品
  • 出版社相关作品

书目信息

  • 表格格式
  • 工作单格式
  • 卡片格式
题名:
评估方法及其应用
    
 
作者: 张辽宁 , 赵师 著
分册:  
出版信息: 长春   吉林科学技术出版社  2021
页数: 155页
开本: 26cm
丛书名:
单 册:
中图分类: C931.2
科图分类:
主题词: 评估方法--研究
电子资源:
ISBN: 978-7-5578-8318-8
000 00715nam0 2200229 450
001 2331615933
005 20231207084659.71
010    @a978-7-5578-8318-8@dCNY45.00
100    @a20220106d2021 em y0chiy50 ea
101 0  @achi
102    @aCN@b220000
105    @ay z 000yy
200 1  @a评估方法及其应用@Aping gu fang fa ji qi ying yong@f张辽宁,赵师著
210    @a长春@c吉林科学技术出版社@d2021
215    @a155页@d26cm
330    @a本书从评估体系出发详细介绍了评估的概念、评估指标体系、权重、评估方法、评估案例等。
606 0  @a评估方法@x研究
690    @aC931.2@v5
701  0 @a张辽宁@Azhang liao ning@4著
701  0 @a赵师@Azhao shi@4著
801  0 @aCN@b91MARC@c20220224
905    @aZUCC@dC931.2@e13
    
    评估方法及其应用/张辽宁,赵师著.-长春:吉林科学技术出版社,2021
    155页;26cm
    
    
    ISBN 978-7-5578-8318-8:CNY45.00
    本书从评估体系出发详细介绍了评估的概念、评估指标体系、权重、评估方法、评估案例等。
●
相关链接 在五车中查询图书 在当当中查询图书 在豆瓣中查询图书


正题名:评估方法及其应用     索取号:C931.2/13         预约/预借

序号 登录号 条形码 馆藏地/架位号 状态 备注
1 2001270685   2001270685   辽宁北方(第一批)/辽宁北方(第一批)/387/ [索取号:C931.2/13] 在馆    
2 2001270686   2001270686   辽宁北方(第一批)/辽宁北方(第一批)/387/ [索取号:C931.2/13] 在馆    
3 2001270687   2001270687   辽宁北方(第一批)/辽宁北方(第一批)/387/ [索取号:C931.2/13] 在馆    
4 2001270688   2001270688   辽宁北方(第一批)/辽宁北方(第一批)/387/ [索取号:C931.2/13] 在馆    
5 2001270689   2001270689   辽宁北方(第一批)/辽宁北方(第一批)/387/ [索取号:C931.2/13] 在馆    
6 2001270690   2001270690   辽宁北方(第一批)/辽宁北方(第一批)/387/ [索取号:C931.2/13] 在馆    
山东省滨州职业学院图书馆 欢迎您!
大连网信软件有限公司© 版权所有